Mexican Food - Sudden Death - Statistics

General Stats
  • This quiz has been taken 73 times
  • The average score is 4 of 11
Answers on the Grid
Answers color-coded by a green-red scale on the quiz's grid according to % correct below.
Nachos de Patatas
Tortilla
Gazpacho
Tacos
Fideua
Enchiladas
Pozole
Paella
Pan Con Tomate
Mole
Boquerones
Torricado
Prego
Biffana
Tamale
Quesadillias
Burritos
Bacaulhau
Cachorrinhos
Tostadas
Francesinha
Chiles en Nogada
Menudo
 
Answer Stats
Answer % Correct
Tacos
60%
Quesadillias
50%
Enchiladas
48%
Burritos
46%
Mole
42%
Nachos de Patatas
42%
Tostadas
35%
Tamale
31%
Menudo
29%
Pozole
23%
Chiles en Nogada
17%
No matching quizzes found
Score Distribution
Percent of People with Each Score
Percentile by Number Answered
Your Score History
You have not taken this quiz